000 00583nam a22002297a 4500
003 UA-OsUOA
001 87407
007 ta
008 20120918b un ||||| |||| 00| 0 ukr d
100 _aВишенський І.
090 _a821.161.2
_bВ 95
942 _cBK
040 _aUA-OsUOA
_bukr
_cUA-OsUOA
_dUA-OsUOA
245 _aВибрані твори
300 _a127 с.
955 _a2
041 _aukr
080 _a821.161.2
260 _aК.
_bДніпро
_c1972
650 7 _a82 Література. Літературознавство
_2UDC
999 _c373709
_d373709